Taylor Swift - Devine la chanson sans indices #16 - Statistiques

Statistiques générales
  • Ce quiz a été pris 506 fois
  • Le résultat moyen est 327 sur 481
Statistiques - réponses
Réponse % Correct
I
100%
You
98%
you
98%
a
97%
Mmm,
97%
the
94%
Oh,
93%
(whoa)
93%
we
92%
do
89%
love
88%
me,
88%
me
88%
to
87%
And
84%
and
84%
be
84%
it
84%
your
83%
So
82%
so
82%
that
80%
that,
80%
don't
79%
what
78%
where
78%
this?
77%
this
77%
in
76%
my
75%
can
74%
on
74%
Did
73%
did
73%
know
72%
like
72%
think
72%
(think
72%
was
72%
have
71%
it's
70%
you're
70%
for
68%
they
68%
all
67%
All
67%
'Cause
67%
could
67%
now
67%
Now
67%
bad
66%
(bad
66%
got
66%
I'm
66%
mad
66%
of
66%
baby
64%
baby,
64%
Baby,
64%
say
64%
blood
63%
blood,
63%
blood)
63%
look
63%
(look
63%
'em
61%
'em)
61%
time
61%
but
59%
just
59%
take
59%
with
59%
if
58%
If
58%
good
57%
done
56%
done)
56%
you've
56%
about
55%
at
55%
problems
53%
solve
53%
made
51%
hey
50%
(hey)
50%
really
49%
sad
49%
used
49%
deep
44%
live
44%
times
44%
up
43%
will
43%
back
40%
cut
40%
show
40%
sorry
40%
from
39%
trusted
39%
couldn't
38%
bullet
36%
fix
36%
heal
36%
right
36%
ruin
36%
thinking
36%
ghosts
35%
(ghosts)
35%
last
34%
holes
33%
past
33%
rusted
33%
Still
33%
hit
32%
These
32%
these
32%
through?
32%
way,
32%
fine?
30%
runs
30%
things
30%
Band-aids
28%
breathe
28%
weak?
27%
knife
26%
scars
25%
we'd
25%
cold
24%
shiny,
24%
catch
22%
coming
22%
wound
22%
kind
20%
laughing
20%
Salt
18%
wounds
17%
rub
16%
Aucun quiz correspondant
Distribution des résultats
% des personnes avec chaque résultat
Percentile par nombre de réponses
Votre historique - résultats
Vous n’avez pas pris ce quiz